EMERGING INDIA ECONOMICS POLITICS AND RE (Record no. 23832)

MARC details
000 -LEADER
fixed length control field 00353nam a2200133Ia 4500
008 - FIXED-LENGTH DATA ELEMENTS--GENERAL INFORMATION
fixed length control field 240624s9999 xx 000 0 und d
041 ## - LANGUAGE CODE
Language code of text/sound track or separate title eng
082 ## - DEWEY DECIMAL CLASSIFICATION NUMBER
Classification number 828 JAL
100 ## - MAIN ENTRY--PERSONAL NAME
Personal name JALAN BIMAL
245 ## - TITLE STATEMENT
Title EMERGING INDIA ECONOMICS POLITICS AND RE
260 ## - PUBLICATION, DISTRIBUTION, ETC.
Date of publication, distribution, etc. 2013
Place of publication, distribution, etc. New Delhi
Name of publisher, distributor, etc. Penguin India
300 ## - PHYSICAL DESCRIPTION
Extent xxviii, : 307 : p. : cm. ; 19
365 ## - TRADE PRICE
Currency code RS
Price amount 25
Holdings
Withdrawn status Lost status Damaged status Not for loan Home library Current library Shelving location Date acquired Source of acquisition Cost, normal purchase price Total Checkouts Full call number Barcode Date last seen Date last checked out Copy number Price effective from Koha item type
        IMTN IMTN Rack 42-A 11/13/2014 WBD 399.00 1 828 JAL 23832 10/18/2024 10/04/2024 1 06/24/2024 Books
Designed & Maintained by: LRC IMT Nagpur Contact: lrc@imtnag.ac.in© 2024. All Rights Reserved.